| 000 | 00553nam a22002057a 4500 | ||
|---|---|---|---|
| 003 | OSt | ||
| 005 | 20250410123002.0 | ||
| 008 | 210301s2003 sp ||||er|||| 00| f spa d | ||
| 020 | _a8484336581 | ||
| 040 |
_aCO-JMCR _cCO-JMCR |
||
| 041 | 0 | _aspa | |
| 082 | 0 | 4 |
_aA-N _bAMOl _223 |
| 100 | 1 |
_aAmoraga, Carmen, _eautora _914115 |
|
| 245 | 1 | 3 |
_aLa larga noche / _cCarmen Amoraga |
| 260 |
_aSevilla : _bAlgaida Editores, _c2003 |
||
| 300 |
_a314 páginas ; _c23 cm. |
||
| 650 | 1 | 4 |
_aNovela española _914116 |
| 650 | 1 | 4 |
_aNovela amorosa _9184 |
| 942 |
_2ddc _cBK |
||
| 999 |
_c7376 _d7376 |
||